Normal view
MARC view
Entry Personal Name
001 - CONTROL NUMBER
- control field: 26754
003 - CONTROL NUMBER IDENTIFIER
- control field: Doon University
005 - DATE AND TIME OF LATEST TRANSACTION
- control field: 20260424153854.0
008 - FIXED-LENGTH DATA ELEMENTS
- fixed length control field: 260424|| aca||aabn | a|a d
040 ## - CATALOGING SOURCE
- Original cataloging agency: Doon University
- Transcribing agency: Doon University
100 ## - HEADING--PERSONAL NAME
- Personal name: Cherednik, Ivan
670 ## - SOURCE DATA FOUND
- Source citation: Work cat.: (Doon University)60739: Cherednik, Ivan, Combinatorics Modeling Elementary Number Theory , 2024